To provide for reimbursement of Navy enlisted men for personal effects destroyed in fire at Naval Radio Station, Libugon, Guam, on April 15, 1932.

Bibliographic Details
Corporate Authors: United States. Congress. House. Committee on Claims, ProQuest (Firm)
Format: eBook
Language:English
Published: Washington : [publisher not identified], 1937.
Series:United States congressional serial set.
Subjects:
Online Access:Connect to the full text of this electronic book

MARC

Tag First Indicator Second Indicator Subfields
LEADER 00000cam a22000001a 4500
001 in00003132313
005 20190402204009.0
006 m o d
007 cr un mmmapmmp
008 080104s1937 dcu o f000 0 eng d
035 |a cis2004199785 
040 |a UMI  |c UMI  |d UtOrBLW 
043 |a n-us--- 
099 |a ProQuest Serial Set Number 10086 H.rp.312 
110 1 |a United States.  |b Congress.  |b House.  |b Committee on Claims. 
245 1 0 |a To provide for reimbursement of Navy enlisted men for personal effects destroyed in fire at Naval Radio Station, Libugon, Guam, on April 15, 1932. 
246 1 |a Reimbursement of enlisted men of Navy for personal effects lost in fire at naval radio station, Libugon, Guam 
264 1 |a Washington :  |b [publisher not identified],  |c 1937. 
300 |a 1 online resource. 
336 |a text  |b txt  |2 rdacontent 
337 |a computer  |b c  |2 rdamedia 
338 |a online resource  |b cr  |2 rdacarrier 
490 0 |a H.rp.312 
500 |a Record is based on bibliographic data in ProQuest U.S. Serial Set Digital Collection (last viewed Jan. 2008). Reuse except for individual research requires license from ProQuest, LLC. 
510 3 |a ProQuest U.S. Serial Set Digital Collection 
500 |a Electronic resource. 
650 0 |a Fire prevention. 
650 0 |a Navy-yards and naval stations. 
650 0 |a Personal property. 
655 7 |a Electronic books.  |2 local 
710 2 |a ProQuest (Firm) 
830 0 |a United States congressional serial set. 
856 4 0 |u http://proxy.library.tamu.edu/login?url=http://congressional.proquest.com/congcomp/getdoc?SERIAL-SET-ID=10086+H.rp.312  |z Connect to the full text of this electronic book  |t 0 
999 |a MARS 
999 f f |s 3245ea8d-e139-352d-9c5b-7c8c722b82ad  |i fb5c2d2d-43b1-3e91-97e1-3c72b3b9af39  |t 0 
952 f f |a Texas A&M University  |b College Station  |c Electronic Resources  |d Available Online  |t 0  |e ProQuest Serial Set Number 10086 H.rp.312  |h Other scheme 
998 f f |a ProQuest Serial Set Number 10086 H.rp.312  |t 0  |l Available Online